Code of measuring practice : a guide for surveyors and valuers (Record no. 92570)

MARC details
000 -LEADER
fixed length control field 01083cam a2200289 4500
008 - FIXED-LENGTH DATA ELEMENTS--GENERAL INFORMATION
fixed length control field 090401t1990 xxu||||| |||| 00| 0 eng d
020 ## - INTERNATIONAL STANDARD BOOK NUMBER
International Standard Book Number 0854064346
035 ## - SYSTEM CONTROL NUMBER
System control number (Sirsi) u49501
041 ## - LANGUAGE CODE
Language code of text/sound track or separate title eng
050 ## - LIBRARY OF CONGRESS CALL NUMBER
Classification number 692.3
110 ## - MAIN ENTRY--CORPORATE NAME
Corporate name or jurisdiction name as entry element Royal Institution of Chartered Surveyors
9 (RLIN) 4900
245 ## - TITLE STATEMENT
Title Code of measuring practice : a guide for surveyors and valuers
250 ## - EDITION STATEMENT
Edition statement 3rd ed.
260 ## - PUBLICATION, DISTRIBUTION, ETC.
Place of publication, distribution, etc. London
Name of publisher, distributor, etc. Surveyors Publications
Date of publication, distribution, etc. 1990
300 ## - PHYSICAL DESCRIPTION
Extent 38p. : ill. ; 21cm.
350 ## - PRICE (NR) (BK AM CF MU VM SE) [OBSOLETE]
Price 8.25
520 ## - SUMMARY, ETC.
Summary, etc. SUPERSEDED: Replaced by 4th edition 1993. Text identical to 2nd ed. with the addition of a 2 page Statement on Measurement of B1 Buildings. One copy is 1992 reprint.
650 ## - SUBJECT ADDED ENTRY--TOPICAL TERM
Topical term or geographic name entry element B1
650 ## - SUBJECT ADDED ENTRY--TOPICAL TERM
Topical term or geographic name entry element RICS CODE OF MEASURING PRACTICE
650 ## - SUBJECT ADDED ENTRY--TOPICAL TERM
Topical term or geographic name entry element Measurement
9 (RLIN) 6256
650 ## - SUBJECT ADDED ENTRY--TOPICAL TERM
Topical term or geographic name entry element RESIDENTIAL PROPERTY
9 (RLIN) 6266
650 ## - SUBJECT ADDED ENTRY--TOPICAL TERM
Topical term or geographic name entry element SHOPS
710 ## - ADDED ENTRY--CORPORATE NAME
Corporate name or jurisdiction name as entry element Incorporated Society of Valuers and Auctioneers
9 (RLIN) 1201
856 ## - ELECTRONIC LOCATION AND ACCESS
Uniform Resource Identifier <a href="https://www.isurv.com/downloads/download/141/code_of_measuring_practice">https://www.isurv.com/downloads/download/141/code_of_measuring_practice</a>
Public note Archived on isurv (subscription required)
942 ## - ADDED ENTRY ELEMENTS (KOHA)
Suppress in OPAC 0
Source of classification or shelving scheme Dewey Decimal Classification
948 ## - LOCAL PROCESSING INFORMATION (OCLC); SERIES PART DESIGNATOR (RLIN)
c (OCLC) 04/03/1997
Holdings
Withdrawn status Lost status Source of classification or shelving scheme Damaged status Not for loan Home library Current library Shelving location Date acquired Cost, normal purchase price Total Checkouts Full call number Barcode Date last seen Copy number Cost, replacement price Price effective from Koha item type Date last checked out Public note
    Dewey Decimal Classification     London London RICS Boxes 14/09/1999 8.25   RICS 1990/116 30018412 06/08/2019 1 8.25 06/08/2019 Archive    
    Dewey Decimal Classification     London London RICS Boxes 20/01/1993 6.65 7 RICS 1990/116 30037880 06/08/2019 2 6.65 06/08/2019 Book 11/12/2002  
    Dewey Decimal Classification     London London RICS Boxes 22/01/1993 8.25 13 RICS 1990/116 30018408 06/08/2019 3 8.25 06/08/2019 Book 17/11/2008  
    Dewey Decimal Classification     London London RICS Boxes 08/04/2005   1 RICS 1990/116 30070356 06/08/2019 4   06/08/2019 Book 25/04/2005  
          Virtual Virtual Online 27/01/2025     isurv   27/01/2025     27/01/2025 Online material   Archived on isurv (subscription required)